| 000 | 00453pab a2200157 454500 | ||
|---|---|---|---|
| 008 | 180718b2003 xxu||||| |||| 00| 0 eng d | ||
| 100 | _aWheaton, Blair | ||
| 245 | _aSpace meets time: integrating temporal and contextual influences on mental health in early adulthood | ||
| 260 | _c2003 | ||
| 300 | _ap.680-706. | ||
| 362 | _aOct | ||
| 650 | _aMental health | ||
| 700 | _aClarke, Philippa | ||
| 773 | _aAmerican Sociological Review | ||
| 909 | _a59036 | ||
| 999 |
_c59036 _d59036 |
||